[Event "TCh-AUT 2006-7"]
[Site "Leoben AUT"]
[Date "2007.01.20"]
[Round "6"]
[White "Novkovic,Mi"]
[Black "Duer,W"]
[Result "1-0"]
[WhiteElo "2415"]
[BlackElo "2265"]

1.Nf3 d5 2.c4 c6 3.e3 Nf6 4.Nc3 e6 5.d4 Nbd7 6.Bd3 dxc4 7.Bxc4 b5 8.Bd3 a6
9.e4 c5 10.d5 c4 11.dxe6 fxe6 12.Bc2 Qc7 13.O-O Bb7 14.e5 Nd5 15.Ng5 O-O-O
16.Nxe6 Nxc3 17.bxc3 Qc6 18.Qg4 Nxe5 19.Nxd8+ Kxd8 20.Rd1+ Bd6 21.Qxg7 Re8
22.Ba3  1-0

[Event "Corus B"]
[Site "Wijk aan Zee NED"]
[Date "2007.01.20"]
[Round "7"]
[White "Atalik,S"]
[Black "Georgiev,Vl"]
[Result "1-0"]
[WhiteElo "2586"]
[BlackElo "2525"]

1.d4 d5 2.c4 c6 3.Nc3 Nf6 4.e3 e6 5.Nf3 Nbd7 6.Qc2 Bd6 7.Be2 O-O 8.O-O b6
9.a4 Bb7 10.b3 Rc8 11.cxd5 cxd5 12.Qb2 a6 13.Bd2 Ne4 14.Nxe4 dxe4 15.Ne1 e5
16.g3 Qe7 17.Ng2 f5 18.Rad1 Kh8 19.Bc3 Bb8 20.dxe5 Nxe5 21.Nf4 Nf3+ 22.Bxf3 exf3
23.Nh5 Rxc3 24.Qxc3 Be5 25.Qd3 Bc6 26.Nf4 b5 27.Rfe1 Qf7 28.axb5 axb5 29.Rc1 Be4
30.Qxb5 Bb2 31.Rcd1 g5 32.Rd7 Qf6 33.Nd5 Qh6 34.Rd1 Bc2 35.Rd2 Qh3 36.Qf1 Qxf1+
37.Kxf1 Ra8 38.Nc3 Bxc3 39.Rd8+ Rxd8 40.Rxd8+ Kg7 41.Rb8 Kf6 42.b4 g4 43.Kg1 Be4
44.b5 Ke7 45.Rc8 Be5 46.b6 Kd7 47.Rc1 h6 48.h4 gxh3 49.Kh2 Bd6 50.Kxh3 h5
51.Kh4 Bb4 52.Rc7+ Kd8 53.Rc1 Ba5 54.Kxh5 Bxb6 55.Kg5 Kd7 56.g4 Bd8+ 57.Kh5 fxg4
58.Kxg4 Bd5 59.Rd1 Kc6 60.e4 Be6+ 61.Kxf3 Bc7 62.Rd2 Ba5 63.Rb2 Kc7 64.Kf4 Kc6
65.Kg5 Bd8+ 66.Kg6 Bc7 67.Kf6 Bc4 68.Rc2 Kc5 69.e5 Bd8+ 70.Kg7 Bg5 71.e6 Kd4
72.f4 Bh4 73.f5 Bb3 74.Rh2 Bg3 75.e7 Ba4 76.Re2 Be5+ 77.f6  1-0

[Event "Corus B"]
[Site "Wijk aan Zee NED"]
[Date "2007.01.20"]
[Round "7"]
[White "L'Ami,E"]
[Black "Smeets,J"]
[Result "1-0"]
[WhiteElo "2594"]
[BlackElo "2538"]

1.d4 d5 2.c4 c6 3.Nc3 Nf6 4.e3 e6 5.Nf3 Nbd7 6.Bd3 dxc4 7.Bxc4 b5 8.Bd3 Bb7
9.e4 b4 10.Na4 c5 11.e5 Nd5 12.Nxc5 Nxc5 13.dxc5 Bxc5 14.O-O h6 15.Nd2 Qc7
16.Re1 Rd8 17.Qg4 Ne7 18.Qg3 Kf8 19.Nb3 Bb6 20.Bd2 Qd7 21.Bc2 Qb5 22.Rad1 Bd5
23.Be3 Nc6 24.Bd3 Qa4 25.Bxb6 axb6 26.Bb1 Rg8 27.Nd4 Ne7 28.b3 Qa5 29.Qf4 Rc8
30.Nc2 Nc6 31.Ne3 Ne7 32.Rd4 Rc5 33.Red1 Nc6 34.R4d2 Ne7 35.Nc4 Qa7 36.Nd6 Nc6
37.Bg6 Nd8 38.Be4 Nc6 39.Bxd5 exd5 40.e6 f6 41.Nf5 Ne7 42.Ne3 Qc7 43.Qxb4 Ke8
44.Qg4 Qc6 45.Nxd5 Nxd5 46.Qg6+ Kd8 47.Qf7 Re8 48.Rxd5+  1-0

[Event "Open"]
[Site "Marianske Lazne CZE"]
[Date "2007.01.22"]
[Round "3"]
[White "Radziewicz,K"]
[Black "Bauch,R"]
[Result "1/2-1/2"]
[WhiteElo "1966"]
[BlackElo "2085"]

1.d4 d5 2.Nf3 Nf6 3.c4 e6 4.Nc3 c6 5.e3 Nbd7 6.Bd3 dxc4 7.Bxc4 b5 8.Bd3 b4
9.Ne2 Bb7 10.O-O Qb6 11.Ng3 c5 12.Qe2 Be7 13.Rd1 cxd4 14.exd4 O-O 15.Ne5 Rfd8
16.Be3 Bd5 17.Nh5 g6 18.Nf4 Qb7 19.f3 a5 20.Nh3 Nxe5 21.dxe5 Nd7 22.Bg5 Bxg5
23.Nxg5 Qb6+ 24.Kh1 Nc5 25.Qf2 h6 26.Ne4 Bxe4 27.Bxe4 Rac8 28.Qe3 Kg7 29.f4 Qb5
30.h4 Nxe4 31.Qxe4 Qc4  1/2-1/2

[Event "Gibtelecom Masters"]
[Site "Catalan Bay ENG"]
[Date "2007.01.23"]
[Round "1"]
[White "Simpson,J"]
[Black "Al Sayed,Mohamad"]
[Result "0-1"]
[WhiteElo "2267"]
[BlackElo "2460"]

1.d4 d5 2.Nf3 Nf6 3.c4 c6 4.Nc3 e6 5.e3 Nbd7 6.Qc2 Bd6 7.e4 dxe4 8.Nxe4 Nxe4
9.Qxe4 Bb4+ 10.Bd2 Bxd2+ 11.Nxd2 c5 12.Nb3 cxd4 13.Qxd4 O-O 14.Be2 a5 15.Rd1 a4
16.Nd2 Qf6 17.Ne4 Qxd4 18.Rxd4 f5 19.Nc3 Nc5 20.O-O Bd7 21.Bf3 Bc6 22.Bxc6 bxc6
23.Rfd1 Rab8 24.R1d2 Kf7 25.Rd6 Rfc8 26.Nd1 Ne4 27.Rd7+ Ke8 28.R2d4 e5 29.Rxe4 Kxd7
30.Rxe5 Re8 31.Rxe8 Kxe8 32.Kf1 Rb4 33.Ke2 Rxc4 34.Kd3 Rb4 35.Kc3 Re4 36.Kd3 a3
37.b3 Re1 38.Kd2 Rh1 39.h3 f4 40.Nc3 f3 41.g3 Rxh3 42.Nb1 Rh1 43.Nxa3 Ra1
44.Ke3 Rxa2 45.Nc4 Rc2 46.Nd2 Ke7 47.Kd3 Rb2 48.Kc3 Ra2 49.Kd3 h5 50.Ke3 Rb2  0-1

[Event "Gibtelecom Masters"]
[Site "Catalan Bay ENG"]
[Date "2007.01.23"]
[Round "1"]
[White "Schuurman,P"]
[Black "Tissir,M"]
[Result "0-1"]
[WhiteElo "2275"]
[BlackElo "2482"]

1.d4 d5 2.c4 c6 3.Nc3 Nf6 4.Nf3 e6 5.e3 Nbd7 6.Bd3 dxc4 7.Bxc4 b5 8.Be2 Bb7
9.O-O a6 10.e4 c5 11.e5 Nd5 12.Ne4 Qc7 13.a4 b4 14.a5 Rc8 15.Re1 h6 16.b3 Be7
17.Bb2 O-O 18.Bc4 Rfd8 19.dxc5 Nxc5 20.Nd6 Bxd6 21.exd6 Qxd6 22.Qd4 Qf8 23.Qg4 Nc3
24.Ne5 Bd5 25.Bxd5 Nxd5 26.Qg3 Nf6 27.Rad1 Nce4 28.Qe3 Rc2 29.Bd4 Nxf2 30.Rc1 N2g4
31.Nxg4 Nxg4 32.Qf4 Rxc1 33.Rxc1 Qd6 34.Qxd6 Rxd6 35.Ba7 Rd3 36.h3 Nf6 37.Rc6 Rxb3
38.Rxa6 Nd5 39.Bd4 Rd3 40.Ra8+ Kh7 41.Bf2 Rd1+ 42.Kh2 Rd2 43.Kg3 Ra2 44.Bd4 b3
45.Rb8 Rxa5 46.Rxb3 Ra4 47.Bf2 g5 48.Kf3 h5  0-1

[Event "Gibtelecom Masters"]
[Site "Catalan Bay ENG"]
[Date "2007.01.23"]
[Round "1"]
[White "Obers,F"]
[Black "Tredinnick,M"]
[Result "1-0"]
[WhiteElo "2071"]
[BlackElo "2189"]

1.d4 d5 2.c4 e6 3.Nc3 c6 4.e3 Nf6 5.Nf3 Nbd7 6.Bd3 dxc4 7.Bxc4 b5 8.Bd3 Bb7
9.O-O a6 10.e4 c5 11.d5 Qc7 12.dxe6 fxe6 13.Qe2 c4 14.Bc2 Bd6 15.Kh1 O-O-O
16.Nd4 Nc5 17.f4 e5 18.Nf5 Nd3 19.Bxd3 cxd3 20.Qxd3 Bc5 21.Qh3 Kb8 22.fxe5 Nxe4
23.Nxe4 Bxe4 24.Nd6 Ba8 25.Be3 Bxe3 26.Qxe3 Qc6 27.Qg1 Rd7 28.Rfd1 Qc2 29.e6 Bxg2+
30.Qxg2 Qxg2+ 31.Kxg2 Re7 32.Re1 Rf8 33.Rac1 Rf6 34.Rc8+ Ka7 35.Re8 Rg6+
36.Kh1  1-0

[Event "Gibtelecom Masters"]
[Site "Catalan Bay ENG"]
[Date "2007.01.25"]
[Round "3"]
[White "Krush,I"]
[Black "Kaidanov,G"]
[Result "0-1"]
[WhiteElo "2449"]
[BlackElo "2595"]

1.d4 d5 2.c4 c6 3.Nc3 Nf6 4.e3 e6 5.Nf3 Nbd7 6.Qc2 Bd6 7.Be2 O-O 8.O-O b6
9.e4 Nxe4 10.Nxe4 dxe4 11.Qxe4 Bb7 12.Bd3 g6 13.b3 Qe7 14.Ne5 f5 15.Qe2 c5
16.Bb2 cxd4 17.Bxd4 Rae8 18.Rfe1 Qg5 19.g3 Qd8 20.Rad1 Qc7 21.c5 Bxe5 22.Bxe5 Qc6
23.Be4 fxe4 24.Rd6 Nxe5 25.Rxc6 Nf3+ 26.Kf1 Bxc6  0-1

[Event "Gibtelecom Masters"]
[Site "Catalan Bay ENG"]
[Date "2007.01.25"]
[Round "3"]
[White "Edwards,R"]
[Black "Houska,Jo"]
[Result "0-1"]
[WhiteElo "2131"]
[BlackElo "2384"]

1.d4 d5 2.c4 c6 3.Nf3 Nf6 4.Nc3 e6 5.e3 Nbd7 6.Qc2 Bd6 7.Be2 O-O 8.O-O dxc4
9.Bxc4 b5 10.Be2 Bb7 11.e4 e5 12.Bg5 b4 13.Na4 exd4 14.Nxd4 c5 15.Nf5 Bxe4
16.Qxe4 Nxe4 17.Bxd8 Raxd8 18.Nxd6 Nxd6 19.Rad1 Ne4 20.Bf3 Ndf6 21.Rfe1 c4
22.Rc1 Rd4 23.Bxe4 Nxe4 24.f3 Nd6 25.Re7 Re8 26.Rxa7 g6 27.Rc2 b3 28.axb3 cxb3
29.Rf2 Re1+ 30.Rf1 Re2 31.Rf2 Rd1+ 32.Rf1 Rdd2  0-1

[Event "Gibtelecom Masters"]
[Site "Catalan Bay ENG"]
[Date "2007.01.26"]
[Round "4"]
[White "Butnorius,A"]
[Black "Sandipan,C"]
[Result "1/2-1/2"]
[WhiteElo "2402"]
[BlackElo "2561"]

1.d4 d5 2.c4 e6 3.Nc3 c6 4.Nf3 Nf6 5.e3 Nbd7 6.Qc2 h6 7.b3 Bd6 8.Be2 O-O
9.O-O Re8 10.Bb2 dxc4 11.bxc4 e5 12.Rfd1 Qe7 13.a4 e4 14.Nd2 c5 15.Nf1 b6
16.a5 Ba6 17.Ra4 Bc7 18.axb6 axb6 19.Rda1 Bb7 20.Ra7 Rxa7 21.Rxa7 Rb8 22.d5 Be5
23.Ng3 Bxg3 24.hxg3 h5 25.Qd1 Qe5 26.Qa1 Qg5 27.Nb5 Ne8 28.Bd1 f6 29.Bc2 h4
30.gxh4 Qxh4 31.g3 Qg4 32.Qd1 Qxd1+ 33.Bxd1 g6 34.Ba4 Kf8 35.g4 Ke7 36.Kg2 Ra8
37.Rxa8 Bxa8 38.Kg3 Bb7 39.Kf4 Ba6 40.Kxe4 Bxb5 41.Bxb5 Nd6+ 42.Kd3 Ne5+
43.Bxe5 fxe5 44.f4 e4+ 45.Kc3 g5 46.Ba4 Kf6 47.Bd1 Kg6 48.Be2 Kf6 49.Bf1 Kg6
50.Kc2 Kf6 51.Kb2 Kg6 52.Kb3 Kf6 53.Bg2 Kg6 54.Ka4 Kf6 55.Kb3  1/2-1/2

[Event "ch-GER"]
[Site "Koenigshofen GER"]
[Date "2007.01.26"]
[Round "8"]
[White "Prusikin,M"]
[Black "Buhmann,R"]
[Result "0-1"]
[WhiteElo "2571"]
[BlackElo "2547"]

1.d4 d5 2.c4 c6 3.Nf3 Nf6 4.Nc3 e6 5.e3 Nbd7 6.Qc2 Bd6 7.b3 O-O 8.Be2 e5
9.cxd5 Nxd5 10.Nxd5 cxd5 11.dxe5 Nxe5 12.O-O Nxf3+ 13.Bxf3 Qh4 14.g3 Qf6
15.Bxd5 Bf5 16.e4 Bh3 17.Rd1 Be5  0-1

[Event "12th HIT Open A"]
[Site "Nova Gorica SLO"]
[Date "2007.01.26"]
[Round "1"]
[White "Sebenik,M"]
[Black "Korneev,O"]
[Result "1-0"]
[WhiteElo "2434"]
[BlackElo "2606"]

1.d4 d5 2.Nf3 Nf6 3.c4 e6 4.Nc3 c6 5.e3 Nbd7 6.Qc2 Bd6 7.b3 O-O 8.Be2 b6
9.O-O Bb7 10.Bb2 Qe7 11.Rfd1 Rad8 12.Rac1 h6 13.Qb1 Rfe8 14.Qa1 c5 15.cxd5 exd5
16.g3 a6 17.Nh4 Qe6 18.Bf1 cxd4 19.Rxd4 Ne5 20.Bg2 Bc5 21.Rd2 g5 22.Nf3 d4
23.Nxe5 Bxg2 24.Kxg2 Qxe5 25.exd4 Bxd4 26.Rcd1 Ne4 27.Nxe4 Bxb2 28.Qxb2 Qxb2
29.Rxb2 Rxd1 30.Nf6+ Kf8 31.Nxe8 Kxe8 32.f3 Kd7 33.Kf2 Kd6 34.Rc2 f5 35.Ke2 Rh1
36.Ke3 Kd5 37.Rd2+ Kc5 38.Rc2+ Kb5 39.Rd2 a5 40.h4 gxh4 41.gxh4 Rxh4 42.Rd5+ Kb4
43.Rxf5 Ka3 44.Rb5 Kxa2 45.Rxb6 Rh1 46.Rb5 h5 47.Rxa5+ Kxb3 48.Rc5 Kb4 49.Rc8 h4
50.Kf4 h3 51.Kg3 Kb5 52.Rc2 Kb6 53.f4 Rf1 54.Kg4 Rh1 55.Kg3 Rf1 56.Rc4 Kb5
57.Re4 Kc5 58.Kxh3 Kd5 59.Re5+ Kd6 60.Kg4 Rg1+ 61.Kf5 Rg8 62.Re4 Rf8+ 63.Kg6 Kd5
64.Ra4 Rg8+ 65.Kf7 Rg4 66.Kf6 Kc6 67.Rd4 Kc5 68.Ke5 Rg8 69.Rd7 Kc6 70.Re7 Rg1
71.f5 Rf1 72.Ke6 Re1+ 73.Kf7 Rg1 74.f6 Kd6 75.Kf8 Rh1 76.Re2 Rg1 77.f7 Kd7
78.Rd2+ Kc7 79.Rd4 Kc6 80.Ke7 Re1+ 81.Kf6 Rf1+ 82.Kg6 Kc5 83.Rd8  1-0

[Event "SDZ Open"]
[Site "Solin CRO"]
[Date "2007.01.26"]
[Round "7"]
[White "Saric,B"]
[Black "Matas,M"]
[Result "1-0"]
[WhiteElo "1924"]
[BlackElo "2053"]

1.d4 d5 2.Nf3 Nf6 3.c4 c6 4.e3 e6 5.Nc3 Bb4 6.a3 Bxc3+ 7.bxc3 O-O 8.Bd3 Re8
9.Qc2 Nbd7 10.Bd2 e5 11.dxe5 Nxe5 12.Nxe5 Rxe5 13.O-O dxc4 14.Bxc4 b5 15.Ba2 Bf5
16.Qb2 Ne4 17.c4 Re6 18.Be1 Rh6 19.f3 Nc5 20.Bg3 Na4 21.Qe5 Be6 22.Bf4 Rg6
23.Bb1 Bxc4 24.Bxg6 hxg6 25.Rfd1 Qa5 26.e4 Qb6+ 27.Kh1 f6 28.Qe7 Rf8 29.Rd7 Rf7
30.Rd8+ Kh7 31.Qe8 g5 32.g4 Qxd8 33.Qxd8 gxf4 34.Rd1 Be2 35.Kg2 Bxd1 36.Qxd1 c5
37.Qd5 Kg8 38.Qc6 a6 39.Qxa6 Nc3 40.Qc8+ Kh7 41.Qf5+ g6 42.Qxf4 Ra7 43.Qxf6 Nd1
44.g5 Ne3+ 45.Kf2 Nc4 46.Qf8 Ne5 47.Kg3 Nd7 48.Qh6+ Kg8 49.Qxg6+ Kf8 50.Qf5+ Kg7
51.h4 c4 52.h5 c3 53.h6+ Kh8 54.Qf7  1-0

[Event "Corus B"]
[Site "Wijk aan Zee NED"]
[Date "2007.01.26"]
[Round "11"]
[White "L'Ami,E"]
[Black "Georgiev,Vl"]
[Result "1-0"]
[WhiteElo "2594"]
[BlackElo "2525"]

1.d4 d5 2.c4 c6 3.Nc3 Nf6 4.e3 e6 5.Nf3 Nbd7 6.Bd3 dxc4 7.Bxc4 b5 8.Bd3 a6
9.e4 c5 10.e5 cxd4 11.Nxb5 Ng4 12.Qa4 Qb6 13.Nd6+ Bxd6 14.exd6 e5 15.Bf5 Nf6
16.Nxe5 Qxd6 17.Nxd7 Bxd7 18.Bxd7+ Nxd7 19.O-O O-O 20.Rd1 d3 21.Bf4 Qd5 22.Qa3 Rfe8
23.Rxd3 Qe4 24.Be3 Ne5 25.Rd4 Qg6 26.Bf4 Rac8 27.h3 h6 28.Rad1 Kh7 29.Qg3 f6
30.Qxg6+ Kxg6 31.b3 Rc2 32.R4d2 Rxd2 33.Rxd2 Kf5 34.Be3 h5 35.Rd6 Re6 36.Rxe6 Kxe6
37.Kf1 Nd3 38.Ke2 Nb4 39.a4 Kd5 40.Bd2 Nc6 41.Kd3 g5 42.Bc3 f5 43.Bf6 g4
44.hxg4 hxg4 45.g3 Nb8 46.b4 Nd7 47.Bd4 Nf8 48.b5 axb5 49.axb5 Ne6 50.Be3 Nd8
51.Kc3 Nb7 52.Kb4 Kd6 53.Bf4+ Kd5 54.Be3 Kd6 55.b6 Kd5 56.Kb5 Nd8 57.Bg5 Nb7
58.Be7  1-0

[Event "ch-SER Qualification"]
[Site "Belgrade SER"]
[Date "2007.01.27"]
[Round "5"]
[White "Abramovic,B"]
[Black "Todorovic,GM"]
[Result "0-1"]
[WhiteElo "2513"]
[BlackElo "2475"]

1.c4 e6 2.Nf3 d5 3.d4 Nf6 4.Nc3 c6 5.e3 Nbd7 6.Bd3 dxc4 7.Bxc4 b5 8.Bd3 a6
9.O-O c5 10.a4 b4 11.Ne4 Bb7 12.Nxc5 Bxc5 13.dxc5 Nxc5 14.Bc4 Qxd1 15.Rxd1 Bd5
16.Ne5 Bxc4 17.Nxc4 Nb3 18.Rb1 O-O 19.Bd2 a5 20.f3 Rfd8 21.Be1 Nd5 22.e4 Nf4
23.Bf2 g5 24.Kf1 Rac8 25.Rxd8+ Rxd8 26.g3 Rc8 27.gxf4 Rxc4 28.Rd1 gxf4 29.Rd3 Nc5
30.Rd8+ Kg7 31.Bd4+ f6 32.e5 f5 33.Ke2 b3 34.Rc8 Rxd4 35.Rxc5 Rxa4 36.Kd3 Ra1
37.Rc7+ Kf8 38.Rc8+ Ke7 39.Rc7+ Kd8 40.Rxh7 Rf1 41.Rh3 Rf2 42.Kc3 a4 43.Kb4 Rxb2
44.Kxa4 Kd7 45.Kb5 Rc2 46.Rh7+ Ke8 47.Rb7 b2 48.Ka4 Rxh2  0-1

[Event "Gibtelecom Masters"]
[Site "Catalan Bay ENG"]
[Date "2007.01.27"]
[Round "5"]
[White "Dzagnidze,N"]
[Black "Salgado Allaria,C"]
[Result "1/2-1/2"]
[WhiteElo "2463"]
[BlackElo "2288"]

1.d4 d5 2.c4 c6 3.Nf3 Nf6 4.Nc3 e6 5.e3 Nbd7 6.Bd3 dxc4 7.Bxc4 b5 8.Bd3 a6
9.O-O c5 10.Qe2 Bb7 11.Rd1 Qc7 12.e4 cxd4 13.Nxd4 b4 14.Na4 Bd6 15.Nf3 O-O
16.Bg5 Bf4 17.Bxf4 Qxf4 18.Rac1 Rac8 19.Rxc8 Rxc8 20.Bxa6 Bxa6 21.Qxa6 Rc1
22.Qf1 Rxd1 23.Qxd1 h6 24.h3 Nxe4 25.Qxd7 Qc1+ 26.Kh2 Qf4+  1/2-1/2

[Event "Gibtelecom Masters"]
[Site "Catalan Bay ENG"]
[Date "2007.01.27"]
[Round "5"]
[White "Schuurman,P"]
[Black "Jameson,D"]
[Result "1-0"]
[WhiteElo "2275"]
[BlackElo "1972"]

1.d4 d5 2.c4 c6 3.Nc3 Nf6 4.Nf3 e6 5.e3 Nbd7 6.Bd3 dxc4 7.Bxc4 b5 8.Be2 a6
9.O-O Bb7 10.e4 c5 11.e5 cxd4 12.Nxb5 Ng4 13.Qxd4 Ndxe5 14.Qxd8+ Rxd8 15.Nxe5 Nxe5
16.Nc7+ Kd7 17.Nxa6 Ra8 18.Rd1+ Kc8 19.Bf4 Nc6 20.Rac1 f6 21.b4 e5 22.Bg4+  1-0

[Event "ch-Kyiv"]
[Site "Kyiv UKR"]
[Date "2007.01.27"]
[Round "8"]
[White "Karnaukh,A"]
[Black "Burdalev,K"]
[Result "1/2-1/2"]
[WhiteElo "2253"]
[BlackElo "2182"]

1.d4 d5 2.Nf3 Nf6 3.c4 c6 4.Nc3 e6 5.e3 Nbd7 6.Qc2 Bd6 7.cxd5 exd5 8.Be2 O-O
9.O-O Re8 10.b3 Nf8 11.Bb2 Bg4 12.Rfe1 Bh5 13.Rad1 Bg6 14.Qc1 Ne4 15.Nxe4 Bxe4
16.Ne5 Ng6 17.f3 Bf5 18.g4 Bc8 19.Nxg6 hxg6 20.Bf1 Qh4 21.Qd2 f5 22.gxf5 gxf5
23.Qf2 Qh6 24.f4 Bd7 25.Bd3 Re7 26.Kh1 Rae8 27.Bc3 c5 28.Re2 b6 29.Rg1 Kh8
30.Rg3 Kg8  1/2-1/2

[Event "Open"]
[Site "Moscow RUS"]
[Date "2007.01.27"]
[Round "1"]
[White "Turov,M"]
[Black "Kadimova,I"]
[Result "1-0"]
[WhiteElo "2562"]
[BlackElo "2333"]

1.d4 d5 2.c4 c6 3.Nc3 Nf6 4.e3 e6 5.Nf3 Nbd7 6.Qc2 Bd6 7.g4 Bb4 8.Bd2 Qe7
9.g5 Bxc3 10.Bxc3 Ne4 11.Bd3 Nxc3 12.Qxc3 dxc4 13.Bxc4 b5 14.Be2 Bb7 15.d5 O-O
16.dxc6 b4 17.Qc2 Rac8 18.Bb5 Nb8 19.Nd4 Qxg5 20.Qe4 Ba8 21.Rc1 Rfd8 22.Ba4 Nd7
23.Kf1 Nc5 24.h4 Qh5 25.Qc2 Nxa4 26.Qxa4 Rxd4 27.exd4 Qf3 28.Rg1 Bxc6 29.Rc5 Qd3+
30.Ke1 Qe4+ 31.Kf1 Qb1+ 32.Ke2 Qxg1 33.Rxc6 Qg4+ 34.Ke3 Rd8 35.Rd6 Qh3+ 36.Ke2 Qxh4
37.Rxd8+ Qxd8 38.Qxa7 h5 39.Qc5 h4 40.Qxb4 h3 41.Qb3 Qh4 42.Qb8+ Kh7 43.Qh2 Qg4+
44.f3 Qf5 45.Kf2 g5 46.Kg3 Kg6 47.Qd2 Kh5 48.a4 g4 49.Qe2 Kg5 50.Qe3+ Kh5
51.Qe5 Qxe5+ 52.dxe5 gxf3 53.Kxh3 Kg5  1-0

[Event "FINEC WGM"]
[Site "St Petersburg RUS"]
[Date "2007.01.27"]
[Round "3"]
[White "Kostiuk,T"]
[Black "Solovjova,V"]
[Result "1-0"]
[WhiteElo "2224"]
[BlackElo "2267"]

1.d4 d5 2.c4 c6 3.Nf3 Nf6 4.e3 e6 5.Nc3 Nbd7 6.Bd3 Bd6 7.O-O O-O 8.e4 dxc4
9.Bxc4 e5 10.Bg5 Qe7 11.Re1 Rd8 12.Bb3 h6 13.Bh4 Nf8 14.dxe5 Bxe5 15.Bxf7+ Qxf7
16.Qxd8 Bc7 17.Qd3 Nh5 18.Bg3 Nf4 19.Bxf4 Qxf4 20.e5 Qf7 21.Ne4 Qg6 22.Rad1 Bg4
23.Nd6 Qh5 24.Qb3+ Kh7 25.Qf7 Ng6 26.Qxc7 Bxf3 27.Rd3 Bxg2 28.Rg3 Bd5 29.f4 Qh4
30.Nf5  1-0

[Event "12th HIT Open A"]
[Site "Nova Gorica SLO"]
[Date "2007.01.28"]
[Round "4"]
[White "Markus,Rob"]
[Black "Ivanisevic,I"]
[Result "1/2-1/2"]
[WhiteElo "2560"]
[BlackElo "2602"]

1.d4 Nf6 2.c4 e6 3.Nf3 d5 4.Nc3 c6 5.e3 Nbd7 6.Qc2 Bd6 7.b3 O-O 8.Be2 dxc4
9.bxc4 e5 10.O-O Re8 11.Rd1 Qe7 12.a4 exd4 13.exd4 c5 14.Bf1 cxd4 15.Nxd4 Nc5
16.h3 Nce4 17.Bb2 Nxc3 18.Qxc3 Qe5 19.Nf3  1/2-1/2

[Event "SDZ Open"]
[Site "Solin CRO"]
[Date "2007.01.28"]
[Round "9"]
[White "Saric,B"]
[Black "Bilus Gagic,A"]
[Result "0-1"]
[WhiteElo "1924"]
[BlackElo "2004"]

1.d4 Nf6 2.c4 e6 3.Nf3 d5 4.e3 c6 5.Nc3 Bd6 6.Be2 O-O 7.O-O Re8 8.Qc2 Nbd7
9.c5 Bc7 10.b4 e5 11.dxe5 Nxe5 12.Bb2 Qe7 13.a4 Bg4 14.Nd4 Bxe2 15.Ncxe2 Nc4
16.Bc3 g6 17.Rac1 Ng4 18.Nf4 Ncxe3 19.Qe2 Qh4 20.h3 Bxf4 21.Nf3 Qh6 22.Rce1 Nxf1
23.Qxe8+ Rxe8 24.Rxe8+ Qf8 25.Rxf8+ Kxf8 26.hxg4 Ng3 27.fxg3 Bxg3 28.Bf6 Ke8
29.Kf1 Kd7 30.g5 Bf4 31.Ke2 h6 32.g3 Bc1 33.gxh6 Bxh6 34.Nd4 Bc1 35.Nb3 Bh6
36.g4 Bf8 37.Nd4 a5 38.bxa5 Bxc5 39.Nc2 Ke6 40.Bc3 g5 41.Kd3 f5 42.Bd4 Bd6
43.Be3 c5 44.Bd2 fxg4 45.Bxg5 Bc7 46.Be3 Bd6 47.Bg1 g3 48.Ke3 Kf5 49.Kf3 d4
50.Nxd4+ cxd4 51.Bxd4 Ke6 52.Ke4 Kd7 53.Kf3 Kc6 54.Bb6 Kd5 55.Bd8 Kc4 56.Ke4 Kb4
57.Kd5 Bc5 58.Bh4  0-1

[Event "12th HIT Open A"]
[Site "Nova Gorica SLO"]
[Date "2007.01.29"]
[Round "5"]
[White "Saric,A"]
[Black "Korneev,O"]
[Result "1/2-1/2"]
[WhiteElo "2501"]
[BlackElo "2606"]

1.d4 d5 2.c4 e6 3.Nc3 c6 4.e3 Nf6 5.Nf3 Nbd7 6.Qc2 Bd6 7.b3 O-O 8.Be2 b6
9.O-O Bb7 10.Bb2 Qe7 11.e4 dxe4 12.Nxe4 Nxe4 13.Qxe4 f5 14.Qh4 Qxh4 15.Nxh4 g5
16.Nf3 g4 17.Ne5 Rad8 18.Rad1 c5 19.Nxd7 Rxd7 20.dxc5 bxc5 21.Be5 Rfd8 22.Bf6 Rf8
23.Be5 Rfd8 24.Bf6 Rc8 25.Be5 Rcd8  1/2-1/2

[Event "12th HIT Open A"]
[Site "Nova Gorica SLO"]
[Date "2007.01.29"]
[Round "5"]
[White "Lenic,L"]
[Black "Doric,D"]
[Result "0-1"]
[WhiteElo "2517"]
[BlackElo "2474"]

1.d4 d5 2.c4 e6 3.Nf3 c6 4.e3 Nf6 5.Nc3 Nbd7 6.Qc2 Bd6 7.g4 Nxg4 8.Rg1 f5
9.h3 Ngf6 10.Rxg7 Ne4 11.Bd2 Qf6 12.Rg2 Nf8 13.O-O-O Ng6 14.Be2 Bd7 15.Rdg1 O-O-O
16.Be1 Kb8 17.c5 Bc7 18.Na4 f4 19.Qb3 Rhf8 20.h4 Nxh4 21.Nxh4 Qxh4 22.Rg7 Qf6
23.Ba6 Bc8 24.f3 Ng3 25.Rxh7 Rf7 26.Rxf7 Qxf7 27.Bxg3 fxg3 28.f4 Bxf4 29.exf4 Qxf4+
30.Kb1 Rg8 31.Nc3 g2 32.Ne2 Qf1+ 33.Kc2 Ka8 34.Qh3 e5 35.Rxf1 Bxh3 36.Re1 Bf5+
37.Kd2 e4 38.Bxb7+ Kxb7 39.Rg1 Ka6 40.b3 Ka5 41.a3 Bc8 42.Nc3 Bh3 43.Ne2 Rf8
44.Rb1 Rf1 45.Rc1 Bg4 46.Ng1 e3+ 47.Kc2 e2  0-1

[Event "12th HIT Open A"]
[Site "Nova Gorica SLO"]
[Date "2007.01.29"]
[Round "6"]
[White "Markus,Rob"]
[Black "Godena,M"]
[Result "1/2-1/2"]
[WhiteElo "2560"]
[BlackElo "2530"]

1.d4 d5 2.c4 c6 3.Nc3 Nf6 4.e3 e6 5.Nf3 Nbd7 6.Bd3 Bd6 7.e4 dxe4 8.Bxe4 Nxe4
9.Nxe4 Bb8 10.O-O O-O 11.b3 Re8 12.Bb2 f6 13.Re1 Nf8 14.Qc2 Ng6 15.Rad1 Qc7
16.Qc3 Qf7 17.Ba3 Rd8 18.Qa5  1/2-1/2

[Event "Gibtelecom Masters"]
[Site "Catalan Bay ENG"]
[Date "2007.01.30"]
[Round "7"]
[White "Rajlich,I"]
[Black "Kaidanov,G"]
[Result "0-1"]
[WhiteElo "2428"]
[BlackElo "2595"]

1.d4 d5 2.c4 e6 3.Nc3 c6 4.e3 Nf6 5.Nf3 Nbd7 6.Qc2 Bd6 7.g4 h6 8.Bd2 dxc4
9.Bxc4 b5 10.Be2 Bb7 11.Rg1 Rc8 12.g5 hxg5 13.Rxg5 b4 14.Na4 c5 15.Nxc5 Bxc5
16.dxc5 Ne4 17.Rxg7 Qf6 18.Rg4 Rxc5 19.Qa4 Nxd2 20.Nxd2 Rxh2 21.Rf4 Rh1+
22.Bf1 Qxb2 23.Rd1 Rc1 24.Rxc1 Qxc1+ 25.Ke2 Qc5 26.Rxb4 Ba6+ 27.Nc4 Ke7 28.a3 Qh5+
29.f3 Qh2+ 30.Ke1 Qg2  0-1

[Event "Gibtelecom Masters"]
[Site "Catalan Bay ENG"]
[Date "2007.01.30"]
[Round "7"]
[White "Spence,D"]
[Black "Jameson,D"]
[Result "1-0"]
[WhiteElo "2166"]
[BlackElo "1972"]

1.d4 d5 2.Nf3 Nf6 3.e3 c6 4.c4 e6 5.Nc3 Nbd7 6.Bd3 dxc4 7.Bxc4 b5 8.Bb3 b4
9.Ne2 Bb7 10.O-O Bd6 11.Ng3 O-O 12.Re1 c5 13.Bc2 Qc7 14.e4 cxd4 15.Nxd4 a6
16.Bd2 Rfd8 17.Rc1 Qb6 18.Nb3 Nc5 19.Qe2 Nxb3 20.axb3 Be5 21.Bg5 Bxb2 22.e5 Bxc1
23.Rxc1 Qb5 24.Qe3 Qd5 25.f3 Ng4 26.Qb6 Rdc8 27.Nf1 Nxe5 28.Be4 Qb5 29.Rxc8+ Rxc8
30.Qxb5 axb5 31.Bxb7 Rb8 32.Be4 Nd7 33.Be7 f5 34.Bd3 Ne5 35.Be2 Nc6 36.Bc5 Kf7
37.f4 Kf6 38.Kf2 g5 39.g3 gxf4 40.gxf4 e5 41.fxe5+ Kxe5 42.Nd2 Kd5 43.Be3 Ne5
44.h3 f4 45.Bxf4 Rf8 46.Ke3 Re8 47.Bxb5 Rc8 48.Nc4 Nxc4+ 49.Bxc4+ Kc5 50.Ke4 Re8+
51.Be5 Rf8 52.h4 Kc6 53.h5 Rf2 54.h6 Rg2  1-0

[Event "Open"]
[Site "Moscow RUS"]
[Date "2007.01.30"]
[Round "4"]
[White "Grachev,B"]
[Black "Papin,V"]
[Result "1-0"]
[WhiteElo "2563"]
[BlackElo "2416"]

1.c4 c6 2.d4 d5 3.Nf3 Nf6 4.Nc3 e6 5.e3 Nbd7 6.Qc2 Bd6 7.Bd3 O-O 8.O-O dxc4
9.Bxc4 b5 10.Bd3 Bb7 11.Bd2 b4 12.Ne4 Nxe4 13.Bxe4 f5 14.Bd3 c5 15.e4 cxd4
16.Ng5 Nc5 17.exf5 Nxd3 18.Qxd3 Rxf5 19.f4 Be7 20.Nxe6 Qd5 21.Rf2 Qxe6 22.Re1 Qf7
23.Rxe7 Qxe7 24.Qxf5 a5 25.Qb5 Qc7 26.h3 Qc6 27.Qg5 Qg6 28.Qb5 Qc6 29.Qd3 Qe4
30.Qg3 Bc8 31.a3 bxa3 32.Qxa3 a4 33.Qc5 Bf5 34.Re2 Qxe2 35.Qd5+ Be6 36.Qxa8+ Kf7
37.Qa7+ Kg8 38.Qxd4 Qb5 39.Qd8+ Kf7 40.Bc3 h6 41.Qh8 Qc5+ 42.Kh2 Qf8 43.Qh7 Qg8
44.Qe4 Qe8 45.f5 Bb3 46.Qxe8+ Kxe8 47.Bxg7 Bc2 48.g4 h5 49.Kg3 Kf7 50.Bc3 hxg4
51.hxg4  1-0

[Event "12th HIT Open A"]
[Site "Nova Gorica SLO"]
[Date "2007.01.30"]
[Round "7"]
[White "Ivanisevic,I"]
[Black "Godena,M"]
[Result "1-0"]
[WhiteElo "2602"]
[BlackElo "2530"]

1.d4 d5 2.c4 c6 3.Nf3 Nf6 4.Nc3 e6 5.e3 Nbd7 6.Qc2 b6 7.Bd2 Bb7 8.O-O-O Be7
9.e4 dxe4 10.Nxe4 Qc7 11.Nxf6+ Nxf6 12.Bc3 O-O 13.Bd3 Rfd8 14.Ne5 b5 15.c5 b4
16.Bxb4 Rxd4 17.Nc4 Rd5 18.Ne3 Rh5 19.g3 Nd5 20.Nxd5 cxd5 21.Kb1 d4 22.c6 Bxb4
23.cxb7 Qxb7 24.Be4 Qc8 25.Qe2 Rc5 26.Bxa8 Qxa8 27.Rc1 Qd5 28.Rhd1 Qf5+ 29.Rc2 Rd5
30.Qd3 Qxd3 31.Rxd3 f5 32.f4 Bc5 33.Rc4 a5 34.Rb3 d3 35.Kc1 Bg1 36.Kd2 Be3+
37.Kd1 h5 38.Rc6 a4 39.Rb7 Bd4 40.Rxe6 Bf6 41.Kd2 h4 42.Re3 hxg3 43.hxg3 a3
44.bxa3 Bc3+ 45.Kd1  1-0

[Event "Gibtelecom Masters"]
[Site "Catalan Bay ENG"]
[Date "2007.01.31"]
[Round "8"]
[White "Solomon,K"]
[Black "Sandipan,C"]
[Result "0-1"]
[WhiteElo "2320"]
[BlackElo "2561"]

1.d4 Nf6 2.c4 e6 3.Nf3 d5 4.Nc3 c6 5.e3 Nbd7 6.Bd3 dxc4 7.Bxc4 b5 8.Bd3 Bd6
9.O-O O-O 10.Bd2 Bb7 11.Rc1 Rc8 12.Ne2 e5 13.dxe5 Nxe5 14.Nxe5 Bxe5 15.Bc3 Qc7
16.Ng3 g6 17.Qc2 a6 18.b4 Rfd8 19.Rfd1 c5 20.Bxe5 Qxe5 21.bxc5 Rd5 22.Bf1 Rdxc5
23.Qd2 Qd5 24.Rxc5 Qxc5 25.Qd4 Qxd4 26.Rxd4 Rc1 27.a4 Rb1 28.axb5 axb5 29.Rd6 Ne4
30.Nxe4 Bxe4 31.f3 Bf5 32.Kf2 Be6 33.Rb6 b4 34.Bb5 Rb2+ 35.Kg3 Ra2 36.Rd6 b3
37.Rd1 Ra8 38.Re1 Rb8 39.Bd3 Rd8 40.Bb1 Rd2 41.e4 Kf8 42.f4 b2 43.f5 Bb3
44.fxg6 hxg6 45.h4 Ke7 46.Kf3 Bc2 47.g4 Bxb1 48.Rxb1 Kf6 49.Kf4 Rf2+ 50.Kg3 Rc2
51.Kf4 g5+ 52.hxg5+ Kg6 53.Ke3 Kxg5 54.Kd3 Rf2 55.Rg1 Rg2 56.Rf1 Kxg4 57.Ke3 Rg3+
58.Kd2  0-1